000
00293nam a2200133Ia 4500
100
_a
Roberts/ William L
942
_c
RB
654
_a
Hot Rolling
245
_a
Hot Rolling Of Steel
260
_b
Marcel Dekker
_a
New York
_c
1983
082
_a
672.3
_b
Rob
300
_a
1033
546
_a
ENGLISH
999
_c
27734
_d
27734